01860nam a22002537a 450000500170000000800410001702000180005804000070007604100080008308200220009110000240011324500760013726000250021330000270023852009620026565000220122765000240124965000400127365000540131370000260136794200120139399900190140595201820142420230728163413.0230727b ||||| |||| 00| 0 eng d a9780751527377 cAL aeng 223a378.092bALBT aMitch Albom9128910 aTuesdays with Morrie:bAn old man a young man and lifes greatest lesson aLondonbSpherec2017 axv,201p.bPBc17x11cm. aMaybe it was a grandparent, or a teacher or a colleague. Someone older, patient and wise, who understood you when you were young and searching, and gave you sound advice to help you make your way through it. For Mitch Albom, that person was Morrie Schwartz, his college professor from nearly twenty years ago.Maybe, like Mitch, you lost track of this mentor as you made your way, and the insights faded. Wouldn't you like to see that person again, ask the bigger questions that still haunt you? Mitch Albom had that second chance. He rediscovered Morrie in the last months of the older man's life. Knowing he was dying of ALS - or motor neurone disease - MItch visited Morrie in his study every Tuesday, just as they used to back in college. Their rekindled relationship turned into one final 'class': lessons in how to live.TUESDAYS WITH MORRIE is a magical chronicle of their time together, through which Mitch shares Morrie's lasting gift with the world. aBiography9128616 aSociologist9128619 aA book about second chances9128899 aBiographical, Philosophical novel, Memoir9128911 aALBOM (Mitch)9128620 2ddccBK c228177d228177 00102ddc40708MANaALbALd2023-07-26eBiblios Book Point Surathkal Mangalore 575014g239.00l6o378.092 ALBTp076615r2025-12-10 10:05:01s2025-12-02v299.00w2023-07-27yBK